| 000 | 00597nam a2200205Ia 4500 | ||
|---|---|---|---|
| 003 | SISC | ||
| 005 | 20181121071857.0 | ||
| 008 | 181119s9999 xx 000 0 und d | ||
| 020 | _a9780671466747 | ||
| 050 |
_aSB 407 _b.M696 1983 |
||
| 100 | _aMoggi, Guido | ||
| 245 |
_aSimon and schuster's guide to garden flowers/ _cGuido Moggi |
||
| 260 |
_aNY : _bSimon and Schuster Inc. _c1983 |
||
| 300 |
_a511 pages : _bcol. illustration ; _c19 cm. |
||
| 500 | _aIncludes index and bibliographic references | ||
| 650 | _aFlower gardening | ||
| 650 | _aFlowers | ||
| 942 |
_2lcc _cBK |
||
| 999 |
_c359436 _d359436 |
||